Rappers real names *new school edition - Statistics

General Stats
  • This quiz has been taken 89 times
  • The average score is 8 of 17
Answer Stats
Name Rapper % Correct
Aubrey Drake Graham Drake
100%
Onika Tanya Maraj-Petty Nicki Minaj
68%
Donald McKinley Glover Jr Childish Gambino
65%
Durk Derrick Banks Lil Durk
59%
Dominique Armani Jones Lil Baby
56%
Jeffery Lamar Williams Young Thug
47%
Sheyaa Bin Abraham-Joseph 21 Savage
44%
Nayvadius DeMun Wilburn Future
44%
Jordan Terrell Carter Playboi Carti
44%
Sergio Giavanni Kitchens Gunna
41%
Kiari Kendrell Cephus Offset
33%
Artist Julius Dubose A Boogie wit da Hoodie
29%
Sean Michael Leonard Anderson Big Sean
29%
Bill Kahan Kapri Kodak Black
28%
Bashar Barakah Jackson Pop Smoke
28%
Hykeem Jamaal Carter Jr Baby Keem
25%
Colson Baker Machine Gun Kelly
23%
No matching quizzes found
Score Distribution
Percent of People with Each Score
Percentile by Number Answered
Your Score History
You have not taken this quiz